Wordt geladen...

Theranchedutha kathakal

Bibliografische gegevens
Hoofdauteur: Kovoor, E M
Formaat: Printed Book
Gepubliceerd in: Kottayam, N B S 1971
Reeks:2
Onderwerpen:
LEADER 005180000a22001810004500
022 |a 29-07-2004 
041 |a Malayalam 
082 |a A 301 KOV/J L1.2 
100 |a Kovoor, E M 
245 |a Theranchedutha kathakal 
260 |a Kottayam, N B S 
260 |c 1971 
490 |a 2 
650 |a Malayalam literature 
650 |a Short stories 
942 |c BK 
999 |c 147097  |d 147093 
952 |0 0  |1 0  |4 0  |6 A_301_000000000000000_KOV_J_L1_2  |7 0  |9 145864  |a SCC  |b SCC  |d 2017-10-11  |l 0  |o A 301 KOV/J L1.2  |p SCC01747  |r 2017-10-11  |w 2017-10-11  |y BK